000 00357nam a2200133 i 4500
001 bg
100 1 _aOLĘDZKI, Michał
245 0 _aZatrudnienie i jakość pracy ze stanowiska nauki o polityce społecznej /
_cMichał Olędzki.
260 _aWarszawa,
_c1985.
040 _cBPK
041 _apol
942 _cKS
008 s pl f |000 0 pol
999 _c1159
_d1159
856 _uhttp://koha.tu.koszalin.pl/cgi-bin/koha/opac-detail.pl?biblionumber=1159
_yKatalog online BPK